Geography Quiz

Random Geography or State Quiz
Score 0/16 Timer 01:00
4 Plays Today
New state state % Correct
New MexicoArizona
94.1%
New MexicoTexas
93.4%
New YorkVermont
87.1%
New HampshireVermont
87.1%
New YorkPennsylvania
85.7%
New JerseyPennsylvania
85.7%
New MexicoColorado
82.9%
New YorkNew Jersey
80.6%
New state state % Correct
New MexicoUtah
77.8%
New HampshireMaine
77.6%
New JerseyNew York
73.5%
New YorkConnecticut
72.3%
New YorkMassachusetts
72%
New HampshireMassachusetts
72%
New MexicoOklahoma
67.3%
New JerseyDelaware
67.1%
Remove Ads.
Support Sporcle.
Get the best of Sporcle when you Go Orange. This ad-free experience offers more features, more stats, and more fun while also helping to support Sporcle. Thank you for becoming a member.

You're not logged in!

Compare scores with friends on all Sporcle quizzes.
OR
Log In

Show Comments

Extras

Top Quizzes Today


Score Distribution

Your Account Isn't Verified!

In order to create a playlist on Sporcle, you need to verify the email address you used during registration. Go to your Sporcle Settings to finish the process.

Report this User

Report this user for behavior that violates our Community Guidelines.

Details: